vufinder Bibliothèque Municipale de Charleval de Provence
Se connecter

Adélidélo n'a peur de rien !

Book Cover
Auteur principal: Marie-Agnès Gaudrat
D'autres auteurs: Frédéric Benaglia
Support: Livres
Langue: Francais
Publié: 2018 BD kids Toulouse
Series: Adélidélo
Genre: Bande Dessinée enfant ado
Collection: Adélidélo
Sujets:
Étiquettes: Ajouter
Pas de Tags !

LEADER 00930nam0a2200229 450
001 16830989
010 |a 978-2-7470-8881-7  |b br.  |d 9,95 € 
100 |a 20180122d2018 u u0frey01 ba 
101 0 |a fre 
102 |a FR 
200 0 |a Adélidélo n'a peur de rien !  |f scénario Marie-Agnès Gaudrat  |g dessin Frédéric Benaglia - [illustré par] Fred Benaglia 
207 1 |a   
210 |a Toulouse  |c BD kids  |d 2018 
215 |a 1 vol. (64 p.)  |c illustrations en couleur  |d 21 x 19 cm 
225 1 |a Adélidélo  |v 04 
330 |a Sept aventures dans lesquelles Adélidélo se confronte à ses propres peurs (cauchemar, obscurité, etc.). 
461 0 |t Adélidélo  |v 04 
700 0 |a Gaudrat  |b Marie-Agnès  |f 1954-....  |4 70 
701 0 |a Benaglia  |b Frédéric  |f 1974-....  |4 440 
900 |a Bande Dessinée enfant ado 
901 |a Accessible au prêt 
995 |a Bibliothèque  |c Bibliothèque  |f 024019669  |h 024019669  |k BD GAU  |o p  |q j  |r az  |e Bibliothèque 

Options de recherche

Historique de recherche
Recherche avancée

Trouver plus

Nouveautés

Besoin d'aide ?

Contacter un bibliothécaire